Suicide killers /
Profile of the Tamil Tigers - one of the world's most fanatical groups of independence fighters - which examines their methods, such as suicide bombing, and their ideology. Why, for example, would they have assassinated Raj Gandhi?
| Other Authors: | , |
|---|---|
| Format: | Video |
| Language: | English |
| Language Notes: | In English. |
| Published: |
London :
British Broadcasting Corporation (BBC),
1991.
|
| Series: | Human rights cases online (video)
Inside story |
| Subjects: | |
| Online Access: | Connect to this streaming video (Alexander Street Press) |
MARC
| Tag | First Indicator | Second Indicator | Subfields |
|---|---|---|---|
| LEADER | 00000cgm a2200000Ma 4500 | ||
| 001 | in00005561821 | ||
| 006 | m o c | ||
| 007 | cr |n||||||||a | ||
| 007 | vz |za|z| | ||
| 008 | 140902s1991 enk049 e o vueng d | ||
| 005 | 20241201231334.9 | ||
| 035 | |a (OCoLC)ocn884892552 | ||
| 040 | |a ALSTP |b eng |e pn |c ALSTP |d OCLCO |d OCLCF |d OCLCQ |d OCLCO |d OCLCQ |d CSF |d IGB |d OCLCA |d INT |d OCLCQ |d WYU |d UPM |d OCLCO |d OCLCA |d UAB |d OCLCO |d OCLCL |d OCLCQ |d NUI |d OCLCO | ||
| 019 | |a 1430827440 |a 1439889766 | ||
| 035 | |a (OCoLC)884892552 |z (OCoLC)1430827440 |z (OCoLC)1439889766 | ||
| 050 | 4 | |a Internet Access |b AEU | |
| 082 | 0 | 4 | |a 364.152 |q OCoLC |2 22/eng/20240417 |
| 049 | |a TXAM | ||
| 245 | 0 | 0 | |a Suicide killers / |c produced by Stephen Lambert. |
| 260 | |a London : |b British Broadcasting Corporation (BBC), |c 1991. | ||
| 300 | |a 1 online resource (49 min.). | ||
| 306 | |a 004929 | ||
| 336 | |a two-dimensional moving image |b tdi |2 rdacontent | ||
| 337 | |a computer |b c |2 rdamedia | ||
| 338 | |a online resource |b cr |2 rdacarrier | ||
| 344 | |a digital |2 rda | ||
| 347 | |a data file |2 rda | ||
| 380 | |a Videorecording | ||
| 490 | 0 | |a Human rights cases online (video) | |
| 490 | 0 | |a Inside story | |
| 500 | |a Title from resource description page (viewed Sept. 5, 2014). | ||
| 520 | |a Profile of the Tamil Tigers - one of the world's most fanatical groups of independence fighters - which examines their methods, such as suicide bombing, and their ideology. Why, for example, would they have assassinated Raj Gandhi? | ||
| 546 | |a In English. | ||
| 610 | 2 | 0 | |a Tamil̲īl̲a Viṭutalaippulikaḷ (Association) |
| 610 | 2 | 7 | |a Tamil̲īl̲a Viṭutalaippulikaḷ (Association) |2 fast |
| 650 | 0 | |a Bombings. | |
| 650 | 0 | |a Terrorism. | |
| 650 | 6 | |a Attentats à la bombe. | |
| 650 | 6 | |a Terrorisme. | |
| 650 | 7 | |a Bombings |2 fast | |
| 650 | 7 | |a Terrorism |2 fast | |
| 655 | 4 | |a Online media. | |
| 655 | 7 | |a documentary film. |2 aat | |
| 655 | 7 | |a Documentary films |2 fast | |
| 655 | 7 | |a Documentary films. |2 lcgft | |
| 655 | 7 | |a Documentaires. |2 rvmgf | |
| 700 | 1 | |a Holm, Ian, |d 1931-2020. |4 nrt | |
| 700 | 1 | |a Lambert, Stephen, |d 1959- |4 pro | |
| 710 | 2 | |a British Broadcasting Corporation. |4 prn | |
| 758 | |i has work: |a Suicide killers (MovingImage) |1 https://id.oclc.org/worldcat/entity/E39PCFvgVGBfxYGxfj9krcCd43 |4 https://id.oclc.org/worldcat/ontology/hasWork | ||
| 856 | 4 | 0 | |u http://proxy.library.tamu.edu/login?url=https://www.aspresolver.com/aspresolver.asp?AVN2;2229122 |z Connect to this streaming video (Alexander Street Press) |t 0 |
| 955 | |a Alexander Street Press subscription streaming video | ||
| 994 | |a 92 |b TXA | ||
| 999 | f | f | |s 62370d70-5556-4578-b23a-35a4b4e23e4c |i 0887557b-6417-4662-9fa3-38514b0003c7 |t 0 |
| 952 | f | f | |a Texas A&M University |b College Station |c Electronic Resources |d Available Online |t 0 |e Internet Access AEU |h Library of Congress classification |
| 998 | f | f | |a Internet Access AEU |t 0 |l Available Online |